LEADER 02025nam 2200517 450 001 9910155514103321 005 20230803035305.0 010 $a1-304-66995-5 035 $a(CKB)3710000000216928 035 $a(EBL)1671175 035 $a(SSID)ssj0001466762 035 $a(PQKBManifestationID)11786811 035 $a(PQKBTitleCode)TC0001466762 035 $a(PQKBWorkID)11487865 035 $a(PQKB)10816005 035 $a(MiAaPQ)EBC1671175 035 $a(EXLCZ)993710000000216928 100 $a20140905h20132013 uy| 1 101 0 $aeng 135 $aur|n|---||||| 181 $ctxt 182 $cc 183 $acr 200 14$aThe ambassadors /$fHenry James 210 1$aNew York, New York :$cSheba Blake Publishing,$d[2013] 210 4$dİ2013 215 $a1 online resource (1306 p.) 300 $aDescription based upon print version of record. 330 $a The Ambassadors is a novel by Henry James, originally published 1903 as a series. It follows one Lambert Strether to Europe as he searches for his wealthy fiancee's son Chad Newsome, who's gone AWOL in Paris. The boy is supposed to be at home participating in the family business, but has clearly legged it abroad to have some fun. Once in Paris, Strether finds the boy, who is doing fine and living well, and is shown around and introduced to various intriguing characters. Eventually Strether's impressions of Parisian life, and culture (aka women) get the better of him, and he starts to wonder w 606 $aDiplomats$zWashington (D.C.) 606 $aAmericans$zFrance$vFiction 606 $aYoung men$vFiction 606 $aMan-woman relationships$vFiction 607 $aParis (France)$vFiction 615 0$aDiplomats 615 0$aAmericans 615 0$aYoung men 615 0$aMan-woman relationships 700 $aJames$b Henry$0131924 801 0$bMiAaPQ 801 1$bMiAaPQ 801 2$bMiAaPQ 906 $aBOOK 912 $a9910155514103321 996 $aAmbassadors$9181496 997 $aUNINA